Biblioteca y Centro de Documentación

Le Royaume-Uni dans l'Europe de demain (Registro nro. 10092)

Detalles MARC
000 -CABECERA
Longitud fija campo de control 01288nam a2200325 c 4500
001 - NÚMERO DE CONTROL
Número de control 10092
003 - IDENTIFICADOR DE NÚMERO DE CONTROL
Identificador del número de control ES-MaCES
005 - FECHA Y HORA DE LA ÚLTIMA TRANSACCIÓN
Fecha y hora de la última transacción 20150929135422.0
008 - CAMPO FIJO DE DESCRIPCIÓN FIJA--INFORMACIÓN GENERAL
Códigos de información de longitud fija   000118s1998 fr o100 | fre d
035 ## - NÚMERO DE CONTROL DEL SISTEMA
Número de control del sistema CES20000000819m
040 ## - FUENTE DE CATALOGACIÓN
Centro catalogador de origen ES-MaCES
Lengua de catalogación spa
Centro transcriptor ES-MaCES
100 1# - ENCABEZAMIENTO PRINCIPAL--NOMBRE PERSONAL
Nombre de persona Barber, Lionel
9 (RLIN) 7060
245 13 - MENCIÓN DE TÍTULO
Título Le Royaume-Uni dans l'Europe de demain
Mención de responsabilidad, etc. Lionel Barber ; en collaboration avec le Centre for European Reform
260 ## - PUBLICACIÓN, DISTRIBUCIÓN, ETC (PIE DE IMPRENTA)
Lugar de publicación, distribución, etc. Paris
Nombre del editor, distribuidor, etc. Groupement d'études et de recherches "Notre Europe"
Fecha de publicación, distribución, etc. 1998
300 ## - DESCRIPCIÓN FÍSICA
Extensión 66 p.
Dimensiones 30 cm
490 0# - MENCIÓN DE SERIE
Mención de serie Etudes et recherches
Designación de volumen o secuencia 4
500 ## - NOTA GENERAL
Nota general Tít. tomado de la cub.
500 ## - NOTA GENERAL
Nota general Texte initialement publié par le Centre for European Reform en janvier 1998, puis mis à jour par Lionel Barber et publié par Notre Europe en avril 1998
541 ## - NOTA DE LA FUENTE INMEDIANTE DE ADQUISICIÓN
Forma de adquisición Gratuito
650 #4 - ASIENTO SECUNDARIO DE MATERIA--TÉRMINO DE MATERIA
Término de materia o nombre geográfico como elemento inicial unión monetaria
9 (RLIN) 28170
650 #4 - ASIENTO SECUNDARIO DE MATERIA--TÉRMINO DE MATERIA
Término de materia o nombre geográfico como elemento inicial política comunitaria
9 (RLIN) 30776
650 #4 - ASIENTO SECUNDARIO DE MATERIA--TÉRMINO DE MATERIA
Término de materia o nombre geográfico como elemento inicial Reino Unido
9 (RLIN) 26967
653 10 - TÉRMINO DE INDEXACIÓN--NO CONTROLADO
Término no controlado Mercado Único Europeo
650 #4 - ASIENTO SECUNDARIO DE MATERIA--TÉRMINO DE MATERIA
9 (RLIN) 26752
Término de materia o nombre geográfico como elemento inicial UE
710 2# - ENCABEZAMIENTO SECUNDARIO--NOMBRE CORPORATIVO
Nombre de entidad o nombre de jurisdicción como elemento inicial Groupement d'études et de recherches "Notre Europe"
Término indicativo de función ed.
9 (RLIN) 3978
830 #0 - ENCABEZAMIENTO SECUNDARIO DE COLECCIÓN--TÍTULO UNIFORME
Título uniforme Etudes et recherches (Groupement d'études et de recherches "Notre Europe")
Designación de volumen o secuencia 4
9 (RLIN) 33381
902 ## - CES. TIPO DE DOCUMENTO
Tipodoc (006$c Sirtex) DOC Literatura gris
942 ## - ELEMENTOS KOHA
Fuente de clasificaión o esquema Clasificación propia del CES
Koha [por defecto] tipo de item Monografías
Parte de clasificación 1.0.
Existencias
Número de registro Signatura completa Tipo de item de Koha
034015 DOC-1.0.-25 Monografías
© CES, Consejo Económico y Social de España 2021